[Event "Pavlodar Open 2019"]
[Site "Pavlodar"]
[Date "2019.11.27"]
[Round "8.1"]
[White "Khegay, Dmitriy"]
[Black "Makhnev, Denis"]
[Result "1/2-1/2"]
[WhiteElo "2504"]
[BlackElo "2476"]
[Annotator "TA"]
[PlyCount "55"]
[EventDate "2019.11.21"]
[EventType "swiss"]
[EventCountry "KAZ"]
[SourceTitle "playchess.com"]
[Source "ChessBase"]
[SourceQuality "1"]

{[%evp 30,55,0,0,40,14,91,92,57,61,59,86,187,190,169,187,92,0,0,0,0,0,0,0,23,28,50,-40]} 1. e4 e5 2. Nf3 Nc6 3. Bb5 a6 4. Ba4 Nf6 5. O-O Be7 6. Re1 b5 7. Bb3 d6 8. c3 O-O 9. h3 Nb8 {[%cal Bc6b8,Bb8d7,Bd7b6][%mdl 32]} 10. d4 Nbd7 11. Nbd2 Bb7 12. Bc2 Re8 13. a4 Bf8 14. b4 Nb6 15. a5 Nbd7 16. Bb2 {[#]} exd4 $146 {C95: Closed Ruy Lopez: Breyer Variation with 10 d4} ({Predecessor:} 16... Rb8 17. Rb1 {½-½ (17) Timman,J (2562)-Wells,P (2526) London 2008}) 17. cxd4 c5 (17... Nh5 $11) 18. dxc5 $16 dxc5 {White is better.} 19. e5 Nd5 20. Ne4 $1 {[%cal Re4g5] And now Neg5 would win.} Be7 {[#]} (20... h6 $16 {was called for.}) 21. bxc5 $1 $18 {Threatens to win with Nd6.} Nxc5 22. Nxc5 Bxc5 {[#]} 23. Bxh7+ $1 {[%mdl 512]} Kxh7 $11 24. Qc2+ {[%mdl 64] Double Attack} Kg8 {Hoping for ...Rc8.} 25. Qxc5 Rc8 26. Qa7 Qe7 27. Rac1 Rcd8 {next ...Nf4 is good for Black.} 28. Qc5 (28. e6 $14) 1/2-1/2

[Event "Pavlodar Open 2019"]
[Site "Pavlodar"]
[Date "2019.11.27"]
[Round "8.2"]
[White "Yudin, Sergei"]
[Black "Tiviakov, Sergei"]
[Result "1/2-1/2"]
[WhiteElo "2497"]
[BlackElo "2613"]
[Annotator "TA"]
[PlyCount "44"]
[EventDate "2019.11.21"]
[EventType "swiss"]
[EventCountry "KAZ"]
[SourceTitle "playchess.com"]
[Source "ChessBase"]
[SourceQuality "1"]

{[%evp 11,44,24,21,3,11,6,47,8,8,5,10,22,0,5,21,22,16,0,21,14,24,19,45,35,34,39,43,27,36,34,31,23,23,39,49]} 1. e4 c6 2. d4 d5 3. exd5 cxd5 4. Bd3 Nc6 5. c3 Qc7 6. h3 g6 7. Nf3 {B13: Caro-Kann: Exchange Variation and Panov-Botvinnik Attack} Bf5 (7... Nf6 8. O-O Bf5 9. Re1 Bxd3 10. Qxd3 Bg7 11. Bg5 O-O 12. Nbd2 e6 13. Bxf6 Bxf6 14. Nb3 Bg7 15. Re2 Rab8 16. a3 b6 17. Rae1 Na5 18. Nc1 Nc4 19. Qc2 Qf4 20. Nd3 Qf5 21. Qd1 Rfc8 {½-½ (21) Anand,V (2764)-Nepomniachtchi,I (2775) Paris 2019}) 8. O-O Bg7 9. Be2 Nf6 10. Be3 $1 O-O 11. Nbd2 Rad8 12. Re1 Rfe8 13. Qc1 $146 ({Predecessor:} 13. Bf1 Ne4 {1-0 (36) Santos Ruiz,M (2567)-Soham,K (2061) Abu Dhabi 2019}) 13... Ne4 14. Bf1 Nd6 15. Bf4 Qb6 16. b4 {[%cal Bb2b4,Bb4b5][%mdl 32]} f6 17. Bxd6 Rxd6 18. b5 Na5 19. c4 dxc4 20. Nxc4 Nxc4 21. Bxc4+ Kh8 22. Qe3 Bd7 {Accuracy: White = 73%, Black = 50%.} 1/2-1/2

[Event "Pavlodar Open 2019"]
[Site "Pavlodar"]
[Date "2019.11.27"]
[Round "8.3"]
[White "Faizrakhmanov, Ramil"]
[Black "Korneev, Oleg"]
[Result "1/2-1/2"]
[WhiteElo "2434"]
[BlackElo "2530"]
[Annotator "TA"]
[PlyCount "72"]
[EventDate "2019.11.21"]
[EventType "swiss"]
[EventCountry "KAZ"]
[SourceTitle "playchess.com"]
[Source "ChessBase"]
[SourceQuality "1"]

{[%evp 23,72,9,10,8,12,8,24,24,27,31,27,25,25,25,37,35,27,6,20,0,5,11,8,14,14,11,21,21,14,3,9,9,16,2,5,0,0,0,2,0,0,0,0,0,6,5,7,0,2,0,86]} 1. d4 d5 2. c4 c6 3. Nc3 Nf6 4. e3 e6 5. Nf3 Nbd7 6. Qc2 Bd6 7. b3 O-O 8. Be2 e5 9. cxd5 cxd5 10. Nb5 Bb4+ 11. Bd2 Bxd2+ 12. Nxd2 a6 13. dxe5 {D45: Semi-Slav: 5 e3} Nxe5 14. Nd4 Bd7 (14... Bg4 15. Bxg4 Nfxg4 16. h3 Rc8 17. Qb1 Rc1+ 18. Qxc1 Nd3+ 19. Ke2 Nxc1+ 20. Rhxc1 Nf6 {0-1 (37) Postny,E (2623)-Robson,R (2667) chess.com INT 2019}) 15. O-O {White has an edge.} Rc8 16. Qb2 Ne4 17. Rac1 Qf6 18. N2f3 Rxc1 19. Qxc1 Rc8 20. Qb2 Nc6 {[#] The position is equal.} 21. a3 $146 ({Predecessor:} 21. Rc1 Nxd4 22. exd4 {0-1 (64) Franco Ocampos,Z (2520)-Illescas Cordoba,M (2555) Leon 1992}) 21... h6 22. h3 Ng5 23. Rc1 Nxf3+ 24. Bxf3 Nxd4 25. Rxc8+ Bxc8 26. exd4 Qc6 27. Qd2 Be6 28. h4 b6 29. b4 a5 30. g3 axb4 31. Qxb4 g6 32. Kg2 Kg7 33. Qe1 g5 34. Qe3 f6 35. Bh5 Qd7 36. Qb3 Qd8 {Accuracy: White = 57%, Black = 70%.} (36... Bg4 $11 {remains equal.} 37. Bxg4 Qxg4 {[%mdl 64] Double Attack}) 1/2-1/2

[Event "Pavlodar Open 2019"]
[Site "Pavlodar"]
[Date "2019.11.27"]
[Round "8.4"]
[White "Urazayev, Arystanbek"]
[Black "Burmakin, Vladimir"]
[Result "1/2-1/2"]
[WhiteElo "2433"]
[BlackElo "2508"]
[Annotator "TA"]
[PlyCount "81"]
[EventDate "2019.11.21"]
[EventType "swiss"]
[EventCountry "KAZ"]
[SourceTitle "playchess.com"]
[Source "ChessBase"]
[SourceQuality "1"]

{[%evp 18,81,65,64,64,57,59,72,66,44,63,66,95,89,125,77,86,54,52,43,57,51,45,50,70,82,75,73,79,27,27,19,29,6,12,18,91,89,97,100,83,87,208,0,0,0,0,0,0,0,0,0,0,0,0,0,0,0,0,0,0,0,0,0,0,0]} 1. e4 c6 2. d4 d5 3. exd5 cxd5 4. c4 Nf6 5. Nc3 g6 6. Qb3 Bg7 7. cxd5 O-O 8. Nge2 Na6 9. g3 Nc7 10. Bg2 Nce8 {B14: Caro-Kann: Panov-Botvinnik Attack with 5...e6 and 5...g6} (10... Rb8 11. O-O b5 12. Bf4 Bb7 13. Rac1 b4 14. Na4 Nfxd5 15. Be5 Bxe5 16. dxe5 Ba6 17. Rfe1 Bxe2 18. Rxe2 {0-1 (52) Di Berardino,D (2502)-Manca,F (2373) Beijing 2008}) 11. O-O Nd6 12. Bf4 Bf5 {White is better.} 13. Rfd1 $146 ({Predecessor:} 13. Nb5 Nfe8 14. Nec3 a6 15. Nxd6 Nxd6 16. Rad1 {1-0 (31) Wilhelmi,C (2295)-Von Alvensleben,W (2235) Germany 1995}) 13... Qd7 14. Nc1 Rfc8 15. Nd3 Nfe8 16. Nc5 Qc7 17. Nb5 Qb6 18. Nxd6 exd6 19. Qxb6 axb6 20. Ne4 Bxe4 21. Bxe4 f5 22. Bd3 Bxd4 {[#]} 23. Bxf5 (23. Rd2 $1 $16) 23... Bxf2+ $1 $11 24. Kxf2 gxf5 25. Kf3 Rc2 26. Rd2 Rac8 (26... Rxd2 $11 {remains equal.} 27. Bxd2 Kf7) 27. Re1 $16 Kf7 28. Rxc2 Rxc2 {[%mdl 4096] Endgame KRB-KRN} 29. Bg5 h6 (29... Rxb2 $16 30. Re7+ Kg6) 30. Bd8 $2 {[#]} ({Less strong is} 30. Bxh6 Rxb2 31. Re2 Rxe2 $14) ({White has to play} 30. Re7+ $18 Kf8 31. Re2 Rxe2 32. Bxh6+ Kf7 33. Kxe2) 30... Rxh2 $11 {The position is equal.} 31. Re7+ Kf8 32. Rxb7 Rxb2 33. a4 Rb4 34. Ra7 Kg8 35. Ra6 Kf7 36. Ra7+ Kg6 37. Re7 Ng7 38. Rd7 Ne8 39. Re7 Ng7 40. Rd7 Ne8 41. Re7 $1 {Accuracy: White = 58%, Black = 48%.} 1/2-1/2

[Event "Pavlodar Open 2019"]
[Site "Pavlodar"]
[Date "2019.11.27"]
[Round "8.5"]
[White "Sivuk, Vitaly"]
[Black "Khusenkhojaev, Muhammad"]
[Result "1/2-1/2"]
[WhiteElo "2582"]
[BlackElo "2427"]
[Annotator "TA"]
[PlyCount "136"]
[EventDate "2019.11.21"]
[EventType "swiss"]
[EventCountry "KAZ"]
[SourceTitle "playchess.com"]
[Source "ChessBase"]
[SourceQuality "1"]

{[%evp 11,136,17,28,22,21,18,26,2,4,-1,47,67,81,66,64,79,64,62,76,69,45,57,60,49,66,47,196,205,192,92,91,92,100,108,100,90,114,100,254,180,193,129,125,135,131,70,42,8,15,0,0,0,0,0,0,0,2,-14,0,-17,-6,-12,-7,-8,0,0,0,-12,0,0,0,0,0,0,0,0,0,-74,-74,-74,-74,-74,-74,-74,-72,-74,-74,-128,-74,-74,-74,-80,-74,-80,-80,-80,0,0,0,-18,-8,-8,-8,-8,-8,-8,0,-29,-29,-68,0,0,0,-68,0,0,0,0,0,0,0,0,0,0,0,0,0]} 1. Nf3 Nf6 2. c4 g6 3. Nc3 d5 4. cxd5 Nxd5 5. Qb3 Nb6 6. d4 Bg7 7. Bf4 {D90: Grünfeld: 4 Nf3 Bg7 sidelines} Be6 8. Qa3 c5 (8... O-O 9. e4 c6 10. Rd1 N8d7 11. h4 Bg4 12. Be2 Bxf3 13. Bxf3 e5 14. dxe5 Qe8 {1-0 (69) Duda,J (2729)-Svidler,P (2737) Riga 2019}) 9. e4 {White has an edge.} cxd4 10. Nb5 {And now Nc7+ would win.} Na6 11. Rd1 {[%cal Rb5d4]} Bc4 $146 ({Predecessor:} 11... Nc4 12. Bxc4 Bxc4 13. Nbxd4 {1-0 (39) Vaibhav,S (2589)-Stany,G (2509) Jammu 2018}) 12. Nbxd4 Qc8 13. Rc1 $1 Qg4 {Strongly threatening ...Bxf1.} 14. Bxc4 Qxf4 15. Bb5+ Kf8 16. O-O Bxd4 $1 17. Nxd4 $40 {[%mdl 128] White attacks.} Qxe4 18. Nc6 Nd5 (18... Qh4 $14) 19. Rfe1 $18 Qh4 20. Bxa6 (20. Ne5 $1 $18 Rd8 21. g3 (21. Bxa6 bxa6 22. g3 Qf6 $16)) 20... bxc6 $16 21. Bb7 Rd8 22. Bxc6 Kg7 23. Qxa7 Nb4 24. Be4 ({Don't play} 24. Rxe7 $6 Qc4 $11) (24. Qxe7 $2 Qxe7 25. Rxe7 Nxc6 $17) 24... Rhe8 $2 (24... Qf6 $16) 25. Rc4 Qg5 26. h4 ({Inferior is} 26. Rxb4 Qd2 $17) (26. Qa4 $1 $18 {[%cal Ra4b4]} Nd5 27. Qc2) 26... Qd2 27. Rb1 Nd3 28. Qe3 (28. b4 $16) 28... Nxb2 $14 29. Qxd2 (29. Rc7 {with more complications.} Qxe3 30. fxe3 Rd2 31. Rf1 f5 32. Bf3) 29... Rxd2 30. Rc2 Rxc2 31. Bxc2 $11 {[%mdl 4096] Endgame KRB-KRN} Nc4 32. Rb4 Rc8 33. a4 Ne5 34. Be4 f5 35. Bb7 Rc1+ 36. Kh2 Ra1 {White should prevent ...Nd3.} 37. f3 h6 38. Bc8 Nd3 39. Rc4 Nb2 40. Rc7 Rxa4 41. Rxe7+ Kf6 42. Re6+ Kg7 43. Kg3 Nd3 44. h5 (44. Rd6 $11 Nf4 45. Be6) 44... Nf4 $1 $17 {[%cal Rf4e6]} ({Of course not} 44... gxh5 45. Rd6 $11) 45. Rc6 Nxh5+ 46. Kh2 Ra2 47. Rc4 Kf6 {Hoping for ...Kg5.} 48. Kh3 Rf2 49. Bb7 {[#]} Kg5 (49... g5 $142 $1 {aiming for ...Nf4+.} 50. Rc6+ Ke5 51. Rc5+ Kd4 52. Rd5+ Kc4 53. Rxf5 Nf4+ {[%mdl 64] Double Attack} 54. Kh2 Rxg2+ 55. Kh1 Rb2) 50. g3 f4 51. Rc5+ Kf6 52. gxf4 Nxf4+ 53. Kg3 {[#] Black must now prevent Rc6+.} Ne6 ({Black should try} 53... Rb2 $1 $17 {...g5 is the strong threat.} 54. Kxf4 Rxb7 55. Rc6+ Kg7) 54. Rc6 $11 Re2 (54... Rb2 {is interesting.} 55. Bc8 Re2 56. Rd6 g5 57. Kg4 Ke7) 55. Bc8 Kf7 56. Ba6 Re5 57. Bc4 Ke7 58. Ra6 h5 59. Ra7+ Kf6 60. Ra6 Ke7 (60... Kf5 $1 $15 61. Bxe6+ Rxe6 62. Ra5+ Kf6) 61. Ra7+ Kf6 (61... Kd6 $11) 62. Ra6 $15 g5 (62... Kf5 $1 $15 63. Bd3+ Kg5) 63. Rb6 $11 {The position is equal.} Ke7 64. Rb7+ Kf6 65. Rb6 Ke7 66. Rb7+ Kf8 67. Bxe6 Rxe6 68. Rh7 {[#]} g4 $1 {[%mdl 512] Accuracy: White = 65%, Black = 49%.} 1/2-1/2

[Event "Pavlodar Open 2019"]
[Site "Pavlodar"]
[Date "2019.11.27"]
[Round "8.6"]
[White "Igambergenov, Alibek"]
[Black "Vorobiov, Evgeny E."]
[Result "1/2-1/2"]
[WhiteElo "2410"]
[BlackElo "2554"]
[Annotator "TA"]
[PlyCount "116"]
[EventDate "2019.11.21"]
[EventType "swiss"]
[EventCountry "KAZ"]
[SourceTitle "playchess.com"]
[Source "ChessBase"]
[SourceQuality "1"]

{[%evp 21,116,57,76,67,71,74,82,76,86,79,82,66,66,33,64,63,66,53,86,94,106,113,119,105,108,50,75,73,85,4,5,-20,59,0,24,27,19,4,13,13,15,12,11,19,114,108,103,78,285,289,276,284,283,247,255,252,232,243,248,20,27,11,11,11,11,11,11,0,0,0,0,0,0,0,0,0,0,0,0,0,0,0,0,0,0,0,0,0,0,0,0,0,0,0,0,0,0]} 1. c4 g6 2. Nf3 Bg7 3. e4 d6 4. Nc3 Nf6 5. d4 O-O 6. Be2 e5 7. O-O Nc6 8. d5 Ne7 9. Ne1 Ne8 10. Be3 f5 11. f3 Kh8 12. Rc1 {E98: King's Indian: Classical Main Line: 9 Ne1} (12. c5 Ng8 13. a4 Bh6 14. Bxh6 Nxh6 15. Nd3 f4 16. a5 a6 17. b4 g5 18. cxd6 Qxd6 19. Na4 Nf6 {1-0 (59) Swayams,M (2444)-Hillarp Persson,T (2546) Douglas 2015}) 12... Ng8 13. Qd2 Ngf6 $146 ({Predecessor:} 13... f4 14. Bf2 h5 15. c5 g5 16. Nb5 g4 17. Rc3 Rf7 18. Kh1 Bd7 19. c6 bxc6 20. dxc6 {1-0 (64) Reichmann,E (2269)-Ertl,J (2287) Austria 2013}) 14. exf5 {White is better.} gxf5 15. f4 Bd7 16. Nd3 Qe7 17. h3 b6 18. Rce1 Rd8 19. Bd1 e4 20. Nb4 a5 21. Nc2 Rg8 22. Nd4 Qf7 23. Ba4 (23. Qf2 $16) 23... h6 24. Bxd7 Nxd7 25. Ne6 ({Better is} 25. Kh2 $16) 25... Rc8 $11 26. Ne2 Kh7 (26... Nc5 $11) 27. Kh1 (27. g4 $1 $14) 27... Bf6 28. N2d4 Bxd4 29. Bxd4 Nef6 30. g4 $36 {[%mdl 2048] White has some pressure.} fxg4 31. Ng5+ hxg5 32. fxg5 Qg6 ({Don't blunder} 32... gxh3 $2 33. Rxe4 $1 {[%mdl 512]} (33. Bxf6 Qh5 $16) 33... Rg6 34. gxf6 $18) (32... Qh5 $11) 33. gxf6 $16 gxh3 34. Rf2 {Threatens to win with f7.} Rcf8 $2 {[#]} (34... Qg3 $16) 35. Qf4 $1 $18 Qg4 36. Qxe4+ Qxe4+ 37. Rxe4 Ne5 38. Bxe5 dxe5 39. Rxe5 {[%mdl 4096] Endgame KRR-KRR} Kg6 40. Re3 $2 (40. Re6 $18 {Hoping for f7+.} Rf7 41. d6) 40... Rxf6 $11 41. Rg3+ Kh5 {The position is equal.} 42. Rxh3+ Kg4 43. Rxf6 Kxh3 {KR-KR} 44. Rf7 Re8 $1 {[%cal Re8e1] ( -> ...Re1+)} 45. Kg1 {And now Kf2 would win.} Re2 46. Rxc7 Rxb2 47. a4 Kg3 {[%cal Rb2b1]} 48. Kf1 {Strongly threatening Ke1.} Kf3 {[%cal Rb2b1]} 49. Ke1 {d6 is the strong threat.} Ke3 {[%cal Rb2b1]} 50. Kd1 Kd3 {[%cal Rb2b1]} 51. Kc1 Rc2+ 52. Kb1 Rd2 53. c5 bxc5 54. Rxc5 Kd4 55. Rxa5 Kc4 56. Ra8 Rxd5 57. Rb8 Ra5 58. Rb5 Rxa4 {Accuracy: White = 45%, Black = 66%.} 1/2-1/2

[Event "Pavlodar Open 2019"]
[Site "Pavlodar"]
[Date "2019.11.27"]
[Round "8.7"]
[White "Obolenskikh, Dmitry"]
[Black "Sisabayev, Kuanysh"]
[Result "1-0"]
[WhiteElo "2542"]
[BlackElo "2256"]
[Annotator "TA"]
[PlyCount "53"]
[EventDate "2019.11.21"]
[EventType "swiss"]
[EventCountry "KAZ"]
[SourceTitle "playchess.com"]
[Source "ChessBase"]
[SourceQuality "1"]

{[%evp 16,153,58,6,5,4,9,3,57,55,55,45,60,42,36,31,40,42,41,33,39,64,45,0,0,-10,-10,-33,0,0,0,-4,-12,-85,0,0,0,0,22,22,22,20,21,20,22,20,28,19,73,23,30,28,27,13,21,25,42,39,47,48,63,25,23,17,30,24,30,29,31,22,45,44,47,47,44,43,54,57,106,98,106,105,84,83,88,109,89,68,262,240,311,279,258,260,402,413,407,243,386,367,431,402,355,323,499,350,1363,1332,1710,1394,5409,5605,6046,5700,1919,1714,1429,1202,1121,776,975,973,749,663,1207,1075,29956,4357,29968,29969,29968,29967,29976,29977,29979,29979,29977,29976,29970,29947]} 1. e4 c5 2. Nf3 e6 3. d4 cxd4 4. Nxd4 a6 5. Bd3 Nc6 6. Nxc6 bxc6 7. O-O d5 8. c4 Nf6 9. Nc3 ({White should play} 9. Qa4 $14) 9... d4 $11 {B42: Sicilian: Kan Variation: 5 Bd3} (9... Be7 10. cxd5 cxd5 11. exd5 exd5 12. Be3 O-O 13. Na4 Be6 14. Re1 a5 15. Bc2 Qc7 16. Rc1 {½-½ (16) Korneev,O (2576)-Khamrakulov,I (2494) Seville 2011}) 10. Na4 Nd7 11. f4 e5 ({Better is} 11... Be7 $11) 12. fxe5 $146 ({Predecessor:} 12. f5 Be7 13. Bd2 c5 14. Rf3 Bb7 15. b3 Bc6 16. Nb2 a5 17. Rg3 {1-0 (56) Filev,G (2390)-Dinev,D (2285) Veliko Gradiste 2018}) 12... Nxe5 13. Bf4 Bg4 14. Be2 Bxe2 15. Qxe2 Ng6 16. Bg3 Be7 17. c5 d3 18. Qf2 O-O 19. Rad1 Qa5 20. b3 Rad8 $36 {[%mdl 2048] Black has some pressure.} 21. Qf5 Qb4 22. Kh1 d2 23. Bc7 Rd4 24. e5 (24. Qf2 $11 Bf6 25. Nb6) 24... Rf4 ({Inferior is} 24... Bxc5 25. Nxc5 Qxc5 26. Bd6 $16) (24... Nf4 $17 25. Bd6 g6) 25. Rxf4 $11 Nxf4 26. Bd6 Nd5 27. Qf2 {Played: Qf5-d3} 1-0

[Event "Pavlodar Open 2019"]
[Site "Pavlodar"]
[Date "2019.11.28"]
[Round "9.2"]
[White "Makhnev, Denis"]
[Black "Obolenskikh, Dmitry"]
[Result "1/2-1/2"]
[WhiteElo "2476"]
[BlackElo "2542"]
[Annotator "TA"]
[PlyCount "47"]
[EventDate "2019.11.21"]
[EventType "swiss"]
[EventCountry "KAZ"]
[SourceTitle "playchess.com"]
[Source "ChessBase"]
[SourceQuality "1"]

{[%evp 9,47,54,55,33,25,31,34,10,40,38,46,0,0,0,17,18,21,31,3,11,8,-8,13,7,9,11,11,4,23,4,7,7,4,4,3,6,5,5,5,4]} 1. d4 d5 2. c4 c6 3. Nf3 dxc4 4. e3 Be6 5. Nbd2 (5. a4 Nf6 6. Na3 c5 7. Nxc4 Nc6 8. a5 Bd5 9. a6 e6 10. Nce5 Nxe5 11. dxe5 Nd7 12. axb7 Rb8 13. Rxa7 c4 14. Bd2 {1-0 (54) Melkumyan,H (2642)-Jobava,B (2712) Austria 2018}) 5... b5 6. b3 {D11: Slav Defence: 3 Nf3 sidelines and 3...Nf6 4 e3 Bg4} cxb3 7. Nxb3 Nf6 8. Bd3 {[%mdl 1024] White is slightly better. White has compensation.} Bd5 $146 ({Predecessor:} 8... Bc4 9. Bxc4 bxc4 10. Nc5 e6 11. O-O Bxc5 12. dxc5 Qxd1 13. Rxd1 {0-1 (27) Stevenson,W (707)-Tutov,N (1156) LSS email 2011}) 9. O-O e6 10. Nfd2 a5 {[#] Hoping for ...a4.} 11. a4 bxa4 12. Rxa4 Nbd7 13. e4 Bxb3 $1 14. Nxb3 Bb4 15. Qc2 h6 16. Bd2 Bxd2 17. Qxd2 {[%cal Ra4a5]} O-O 18. Rc1 Qb6 19. Rb1 Rfb8 {The position is equal.} 20. Rxa5 Rxa5 21. Qxa5 Qxa5 22. Nxa5 Rxb1+ 23. Bxb1 c5 24. dxc5 {Accuracy: White = 44%, Black = 74%.} 1/2-1/2

[Event "Pavlodar Open 2019"]
[Site "Pavlodar"]
[Date "2019.11.28"]
[Round "9.3"]
[White "Tiviakov, Sergei"]
[Black "Kostenko, Petr"]
[Result "1-0"]
[WhiteElo "2613"]
[BlackElo "2467"]
[Annotator "TA"]
[PlyCount "59"]
[EventDate "2019.11.21"]
[EventType "swiss"]
[EventCountry "KAZ"]
[SourceTitle "playchess.com"]
[Source "ChessBase"]
[SourceQuality "1"]

{[%evp 15,59,8,13,16,3,-4,4,6,32,-3,0,0,0,0,0,0,0,0,32,32,18,31,39,10,18,23,79,81,201,201,192,140,140,113,473,454,512,512,493,509,29990,29991,29991,29992,29998,29999]} 1. e4 e6 2. d4 d5 3. Nd2 c5 4. Ngf3 cxd4 5. Nxd4 Nc6 6. Bb5 Bd7 7. Nxc6 bxc6 8. Bd3 Qc7 9. Qe2 {C07: French Tarrasch: 3...c5, 4 Ngf3 and 4 exd5 Qxd5} Ne7 10. Nf3 Ng6 11. O-O {The position is equal.} Be7 (11... Bd6 12. c4 dxe4 13. Bxe4 O-O 14. Rd1 Rad8 15. h3 c5 16. b3 Bc6 {0-1 (40) Nepomniachtchi,I (2763)-Vitiugov,N (2719) St Petersburg 2018}) 12. e5 c5 {[%cal Bc6c5,Bc5c4][%mdl 32]} 13. Re1 $146 ({Predecessor:} 13. b3 Rb8 14. Re1 a5 15. Bd2 a4 16. Rab1 O-O 17. h4 {½-½ (17) Munoz Pantoja,M (2495)-Peralta,F (2537) Sabadell 2017}) 13... c4 14. Bxg6 $1 hxg6 15. c3 Rb8 16. Bg5 Bxg5 17. Nxg5 f6 18. Nf3 g5 19. h3 Kf7 20. Rad1 Qa5 (20... a5 $11) 21. Nd4 Rh4 (21... Qa6 $16) 22. exf6 $18 gxf6 {[#]} 23. Nxe6 (23. Nc6 $1 $18 {[%mdl 512]} Qb5 (23... Bxc6 24. Qxe6+) 24. Nxb8 Qxb8 25. Rd4) 23... Re8 $16 {[%cal Re8e6]} 24. Nxg5+ $1 Kg6 $2 {[%mdl 8192] [#]} (24... fxg5 $16 {is tougher.} 25. Qf3+ {[%mdl 64] Double Attack} Kg7) 25. Qf3 $1 $18 {[%cal Rf3g3]} Rxe1+ 26. Rxe1 {Strongly threatening Qg3.} fxg5 27. Qf8 {Re7 would kill now.} ({And not} 27. Re7 Rf4 $11) 27... Qa4 (27... Re4 $18 28. Rxe4 dxe4) 28. Re7 {White mates.} Qd1+ 29. Kh2 Bxh3 30. Qf7+ {Accuracy: White = 83%, Black = 23%.} 1-0

[Event "Pavlodar Open 2019"]
[Site "Pavlodar"]
[Date "2019.11.28"]
[Round "9.4"]
[White "Korneev, Oleg"]
[Black "Urazayev, Arystanbek"]
[Result "1/2-1/2"]
[WhiteElo "2530"]
[BlackElo "2433"]
[Annotator "TA"]
[PlyCount "53"]
[EventDate "2019.11.21"]
[EventType "swiss"]
[EventCountry "KAZ"]
[SourceTitle "playchess.com"]
[Source "ChessBase"]
[SourceQuality "1"]

{[%evp 18,53,0,0,4,0,0,9,8,0,8,0,36,0,0,0,0,0,0,0,0,0,0,0,0,0,0,0,4,0,0,-8,0,0,0,0,0,0]} 1. e4 e5 2. Nf3 Nc6 3. Bb5 a6 4. Ba4 Nf6 5. O-O Be7 6. d3 b5 7. Bb3 d6 8. a3 O-O 9. Nc3 Bg4 10. Be3 Nd4 {C84: Closed Ruy Lopez: Unusual White 6th moves} 11. Bxd4 exd4 12. Nd5 Nd7 13. h3 Bxf3 $1 14. Qxf3 Bg5 (14... c6 15. Nf4 Nc5 16. Ba2 a5 17. Qg4 Kh8 18. Ne2 {1-0 (48) Caruana,F (2828)-Postny,E (2623) chess.com INT 2019}) 15. Qg3 Rc8 $146 {The position is equal.} ({Predecessor:} 15... Bh4 16. Qg4 c6 17. Nf4 g6 18. Nxg6 hxg6 19. Qxg6+ {1-0 (32) Libiszewski,F (2540)-Zelesco,K (2361) Melbourne 2017}) 16. Nf4 Nc5 17. Ba2 Bxf4 18. Qxf4 Na4 19. Rab1 c5 20. Qd2 Re8 21. Rfe1 h6 22. Bb3 Nb6 23. Rbd1 Qc7 24. f4 d5 25. Bxd5 Nxd5 26. exd5 Qd6 27. f5 {Accuracy: White = 72%, Black = 83%.} 1/2-1/2

[Event "Pavlodar Open 2019"]
[Site "Pavlodar"]
[Date "2019.11.28"]
[Round "9.5"]
[White "Burmakin, Vladimir"]
[Black "Yudin, Sergei"]
[Result "1/2-1/2"]
[WhiteElo "2508"]
[BlackElo "2497"]
[Annotator "TA"]
[PlyCount "43"]
[EventDate "2019.11.21"]
[EventType "swiss"]
[EventCountry "KAZ"]
[SourceTitle "playchess.com"]
[Source "ChessBase"]
[SourceQuality "1"]

{[%evp 15,43,11,2,4,26,-6,0,-5,-5,-4,-7,-5,0,0,0,-15,0,-21,-20,-22,-21,-20,-22,-22,-21,-27,-20,-29,-26,-16]} 1. Nf3 d5 2. e3 c5 3. b3 Nf6 4. Bb2 e6 5. Be2 Be7 6. O-O O-O 7. c4 Nc6 8. cxd5 Nxd5 9. Qc1 {A13: English Opening: 1...e6} Bf6 10. Nc3 b6 11. Nxd5 {The position is equal.} Bxb2 12. Qxb2 Qxd5 13. a3 a5 14. Rfd1 {[#]} e5 $146 ({Predecessor:} 14... Bb7 15. Ne1 Rfd8 16. Bf3 Qd6 17. Nc2 {½-½ (45) Ivkov,B (2525)-Kortschnoj,V (2635) Cannes 1986}) 15. d3 Be6 16. Nd2 f6 17. Nc4 {[#] Hoping for Bf3.} Rab8 18. Rac1 Qd7 19. Bf3 Bd5 20. Bxd5+ Qxd5 21. Qc2 Rfd8 22. Nb2 {Accuracy: White = 56%, Black = 55%.} 1/2-1/2